000 00892nam a2200253Ia 4500
003 OSt
005 20221005113534.0
006 a|||||r|||| 00| 0
007 ta
008 221004b |||||||| |||| 00| 0 pan d
020 _a9789351121084 (hbk)
_cINR 200.00
024 _a32307
037 _b794, 06/03/2017, H.K. Prakashan
_cTextual
040 _aCRL
_cCRL
_bpan
041 _2pan
_apan
082 _aO153,6N291x, Q7
100 _aਕੰਵਲ, ਜਸਵੰਤ ਸਿੰਘ, ਂਚ.
245 0 _aਧੁਰ ਦਰਗਾਹ
260 _aਲੁਧਿਆਨਾ
_bਚੇਤਨਾ ਪ੍ਰਕਾFਨ ਭਾਰਤ
_c2017
300 _a212ਪ੍ਰ0
_ccm.
650 _a ਪੰਜਾਬੀ ਨਿਬੰਧ
942 _hO153,6N291x, Q7
_cTEXL
_2cc
999 _c1028514
_d1028514